| 000 | 00354 a2200109 4500 | ||
|---|---|---|---|
| 001 | ART_26114 | ||
| 005 | 20260410161928.0 | ||
| 008 | 260409a | ||
| 245 | 1 | 0 | _aHacia la efectiva prevención y sanción del acoso sexual en Argentina |
| 100 | 1 | _aGebruers, Cecilia | |
| 773 | 0 |
_tDerechos humanos _g- Año III, Nº 5 (jun. 2014) _wREV22278 |
|
| 999 |
_c28323 _d28323 |
||